000 01050cam a2200241 4500
001 WB3705-27
008 000000n2001 000 0 eng u
035 _a(Sirsi) u110682
245 _aLicences to hit landlords
260 _c2001
490 _aFinancial Times
_v27 January 2001, 24(2)
520 _aGovernment plans to introduce a licensing system for houses in multiple occupation in England and Wales could force landlords in the student and house-sharing sector out of the market. Properties most likely to require a licence will be those let to six or more occupants, or with over three storeys. The government consultation paper - "The Way Forward for Housing" can be viewed in the housing section of: 'www.detr.gov.uk'. Table.
590 _aWB
650 _aHOUSES IN MULTIPLE OCCUPATION
650 _aLICENCES
650 _aREGULATIONS
650 _aHEALTH AND SAFETY
_96244
650 _aSTUDENT LETS
650 _aPROPERTY INVESTORS
650 _aCAPITAL VALUES
690 _aPROPERTY-LANDLORD AND TENANT
942 _n0
999 _c65957
_d65957